Statistics for All Ireland Senior Football Championship Top Scorers 2023

Click here to take the quiz!

General Stats

  • This quiz has been taken 4 times
  • The average score is 8 of 21

Answer Stats

NPlayerCountyGPTSTotal% Correct
2David CliffordKerry53954
100%
3Sean O'SheaKerry23945
100%
6Shane WalshGalway02323
100%
5Conor McManusMonaghan02525
75%
18Paudie CliffordKerry2715
75%
4Con O'CallaghanDublin22632
50%
11Cormac CostelloDublin02020
50%
1Shane McGuiganDerry25258
50%
19Brendan RodgersDerry11013
25%
8Colm BasquelDublin21622
25%
7Conor TurbittArmagh12023
25%
9Matthew TierneyGalway21521
25%
10Paul MannionDublin11821
25%
16Rian O'NeillArmagh01616
25%
15Conor McCarthyMonaghan21218
0%
13Jack McCarronMonaghan01919
0%
16Micheál BranniganMonaghan01616
0%
19Paul CassidyDerry11013
0%
13Rory GrugganArmagh01919
0%
19Sean BulgerDublin11013
0%
11Tony BrosnanKerry21420
0%

Score Distribution

Percentile by Number Answered

Percent of People with Each Score

Your Score History

You have not taken this quiz